Statistics for Eurovision Song Contest host cities and countries

Click here to take the quiz!

General Stats

  • This quiz has been taken 129 times
    (51 since last reset)
  • The average score is 62 of 70

Answer Stats

City% Correct
Austria
100%
Italy
100%
London
100%
Netherlands
100%
Norway
100%
Rome
100%
Sweden
100%
United Kingdom
100%
Vienna
100%
Amsterdam
98%
Dublin
98%
Estonia
98%
France
98%
Germany
98%
Ireland
98%
Kiev
98%
Oslo
98%
Portugal
98%
Spain
98%
Stockholm
98%
Ukraine
98%
Belgium
96%
Denmark
96%
Finland
96%
Latvia
96%
Lisbon
96%
Liverpool
96%
Rotterdam
96%
Russia
96%
Tallinn
96%
Turkey
96%
Athens
93%
Greece
93%
Helsinki
93%
Luxembourg
93%
Madrid
93%
Malmö
93%
Moscow
93%
Paris
93%
Riga
93%
Switzerland
93%
Azerbaijan
91%
Brussels
91%
Israel
91%
Istanbul
91%
Tel Aviv
91%
Baku
89%
Copenhagen
89%
Jerusalem
89%
Serbia
89%
Belgrade
87%
Münich
87%
Turin
87%
Birmingham
80%
Gothenburg
80%
Yugoslavia
80%
Naples
78%
Düsseldorf
76%
Frankfurt
74%
Zagreb
74%
Edinburgh
72%
The Hague
72%
Bergen
70%
Brighton
65%
Lausanne
63%
Cannes
59%
Lugano
52%
Harrogate
50%
Millstreet
50%
Hilversum
46%

Score Distribution

Percentile by Number Answered

Percent of People with Each Score

Your Score History

You have not taken this quiz since the last reset